<?xml version="1.0" encoding="UTF-8"?>
<record
    xmlns:xsi="http://www.w3.org/2001/XMLSchema-instance"
    xsi:schemaLocation="http://www.loc.gov/MARC21/slim http://www.loc.gov/standards/marcxml/schema/MARC21slim.xsd"
    xmlns="http://www.loc.gov/MARC21/slim">

  <leader>01513nam0a2200349   4500</leader>
  <controlfield tag="001">RU\NLR\BIBL_A\022742349</controlfield>
  <controlfield tag="005">20260503064423.0</controlfield>
  <datafield tag="010" ind1=" " ind2=" ">
    <subfield code="a">978-5-908085-03-8</subfield>
    <subfield code="9">3000</subfield>
  </datafield>
  <datafield tag="021" ind1=" " ind2=" ">
    <subfield code="a">RU</subfield>
    <subfield code="b">&#x41A;&#x41D;-&#x41F;-26-001131</subfield>
    <subfield code="9">&#x41A;&#x41D;-&#x41F;-26-0112</subfield>
  </datafield>
  <datafield tag="035" ind1=" " ind2=" ">
    <subfield code="a">(NLR Aleph) 022742349</subfield>
  </datafield>
  <datafield tag="090" ind1=" " ind2=" ">
    <subfield code="a">13699921</subfield>
    <subfield code="c">13699921</subfield>
  </datafield>
  <datafield tag="100" ind1=" " ind2=" ">
    <subfield code="a">20260303d2026    d  y0rusy50      ca</subfield>
  </datafield>
  <datafield tag="101" ind1="1" ind2=" ">
    <subfield code="a">rus</subfield>
    <subfield code="c">dan</subfield>
  </datafield>
  <datafield tag="102" ind1=" " ind2=" ">
    <subfield code="a">RU</subfield>
  </datafield>
  <datafield tag="105" ind1=" " ind2=" ">
    <subfield code="a">a   z   000ay</subfield>
  </datafield>
  <datafield tag="181" ind1=" " ind2="0">
    <subfield code="a">i3</subfield>
    <subfield code="b">axxe  </subfield>
  </datafield>
  <datafield tag="181" ind1=" " ind2="0">
    <subfield code="a">b2</subfield>
    <subfield code="b">xb2e  </subfield>
  </datafield>
  <datafield tag="182" ind1=" " ind2="0">
    <subfield code="a">n</subfield>
  </datafield>
  <datafield tag="200" ind1="1" ind2=" ">
    <subfield code="a">&#x421;&#x43D;&#x435;&#x436;&#x43D;&#x430;&#x44F; &#x43A;&#x43E;&#x440;&#x43E;&#x43B;&#x435;&#x432;&#x430;</subfield>
    <subfield code="e">[&#x441;&#x43A;&#x430;&#x437;&#x43A;&#x430;</subfield>
    <subfield code="e">&#x434;&#x43B;&#x44F; &#x441;&#x440;&#x435;&#x434;&#x43D;&#x435;&#x433;&#x43E; &#x448;&#x43A;&#x43E;&#x43B;&#x44C;&#x43D;&#x43E;&#x433;&#x43E; &#x432;&#x43E;&#x437;&#x440;&#x430;&#x441;&#x442;&#x430;]</subfield>
    <subfield code="f">&#x425;&#x430;&#x43D;&#x441; &#x41A;&#x440;&#x438;&#x441;&#x442;&#x438;&#x430;&#x43D; &#x410;&#x43D;&#x434;&#x435;&#x440;&#x441;&#x435;&#x43D;</subfield>
    <subfield code="g">[&#x43F;&#x435;&#x440;&#x435;&#x432;&#x43E;&#x434; &#x441; &#x434;&#x430;&#x442;&#x441;&#x43A;&#x43E;&#x433;&#x43E; &#x410;. &#x412;. &#x438; &#x41F;. &#x413;. &#x413;&#x430;&#x43D;&#x437;&#x435;&#x43D;]</subfield>
    <subfield code="g">&#x445;&#x443;&#x434;&#x43E;&#x436;&#x43D;&#x438;&#x43A;: &#x411;&#x43E;&#x440;&#x438;&#x441; &#x414;&#x438;&#x43E;&#x434;&#x43E;&#x440;&#x43E;&#x432;</subfield>
  </datafield>
  <datafield tag="203" ind1=" " ind2=" ">
    <subfield code="a">&#x422;&#x435;&#x43A;&#x441;&#x442;</subfield>
    <subfield code="a">&#x418;&#x437;&#x43E;&#x431;&#x440;&#x430;&#x436;&#x435;&#x43D;&#x438;&#x435;</subfield>
    <subfield code="b">&#x432;&#x438;&#x437;&#x443;&#x430;&#x43B;&#x44C;&#x43D;&#x44B;&#x435;</subfield>
    <subfield code="c">&#x43D;&#x435;&#x43F;&#x43E;&#x441;&#x440;&#x435;&#x434;&#x441;&#x442;&#x432;&#x435;&#x43D;&#x43D;&#x44B;&#x435;</subfield>
  </datafield>
  <datafield tag="210" ind1=" " ind2=" ">
    <subfield code="a">&#x41C;&#x43E;&#x441;&#x43A;&#x432;&#x430;</subfield>
    <subfield code="c">&#x410;&#x43A;&#x430;&#x434;&#x435;&#x43C;&#x438;&#x44F; &#x434;&#x435;&#x442;&#x441;&#x43A;&#x43E;&#x439; &#x43A;&#x43D;&#x438;&#x433;&#x438;</subfield>
    <subfield code="d">2026 (&#x43F;&#x435;&#x447;. 2025)</subfield>
  </datafield>
  <datafield tag="215" ind1=" " ind2=" ">
    <subfield code="a">67, [4] &#x441;.</subfield>
    <subfield code="c">&#x446;&#x432;. &#x438;&#x43B;.</subfield>
    <subfield code="d">30</subfield>
  </datafield>
  <datafield tag="225" ind1="1" ind2=" ">
    <subfield code="a">&#x421;&#x435;&#x440;&#x438;&#x44F; "&#x410;&#x43A;&#x430;&#x434;&#x435;&#x43C;&#x438;&#x44F; &#x434;&#x435;&#x442;&#x441;&#x43A;&#x43E;&#x439; &#x438;&#x43B;&#x43B;&#x44E;&#x441;&#x442;&#x440;&#x430;&#x446;&#x438;&#x438;"</subfield>
  </datafield>
  <datafield tag="333" ind1=" " ind2=" ">
    <subfield code="a">6+</subfield>
  </datafield>
  <datafield tag="686" ind1="0" ind2=" ">
    <subfield code="a">&#x428;9(4&#x414;)62-4</subfield>
  </datafield>
  <datafield tag="700" ind1=" " ind2="1">
    <subfield code="7">ca</subfield>
    <subfield code="8">rus</subfield>
    <subfield code="a">&#x410;&#x43D;&#x434;&#x435;&#x440;&#x441;&#x435;&#x43D;</subfield>
    <subfield code="b">&#x425;. &#x41A;.</subfield>
    <subfield code="f">1805-1875</subfield>
    <subfield code="g">&#x425;&#x430;&#x43D;&#x441; &#x41A;&#x440;&#x438;&#x441;&#x442;&#x438;&#x430;&#x43D;</subfield>
    <subfield code="9">112181</subfield>
    <subfield code="3">RU\NLR\AUTH\772165</subfield>
  </datafield>
  <datafield tag="702" ind1=" " ind2="1">
    <subfield code="4">440</subfield>
    <subfield code="7">ca</subfield>
    <subfield code="8">rus</subfield>
    <subfield code="a">&#x414;&#x438;&#x43E;&#x434;&#x43E;&#x440;&#x43E;&#x432;</subfield>
    <subfield code="b">&#x411;. &#x410;.</subfield>
    <subfield code="f">1934-</subfield>
    <subfield code="g">&#x411;&#x43E;&#x440;&#x438;&#x441; &#x410;&#x440;&#x43A;&#x430;&#x434;&#x44C;&#x435;&#x432;&#x438;&#x447;</subfield>
    <subfield code="9">39503</subfield>
    <subfield code="3">RU\NLR\AUTH\7756571</subfield>
  </datafield>
  <datafield tag="942" ind1=" " ind2=" ">
    <subfield code="c">BOOK</subfield>
  </datafield>
  <datafield tag="980" ind1=" " ind2=" ">
    <subfield code="a">NB</subfield>
  </datafield>
</record>
